Normal view
MARC view
- ودفين،روبرت ، جروفس،جودي ، إمام،إمام عبد الفتاح /ترجمة
Entry Personal Name
001 - CONTROL NUMBER
- control field: 24061
003 - CONTROL NUMBER IDENTIFIER
- control field: JO-AjAnu
005 - DATE AND TIME OF LATEST TRANSACTION
- control field: 20230606074129.0
008 - FIXED-LENGTH DATA ELEMENTS
- fixed length control field: 230606|| aca||aabn | a|a d
040 ## - CATALOGING SOURCE
- Original cataloging agency: JO-AjAnu
- Transcribing agency: JO-AjAnu
100 ## - HEADING--PERSONAL NAME
- Personal name: ودفين،روبرت ، جروفس،جودي ، إمام،إمام عبد الفتاح /ترجمة
670 ## - SOURCE DATA FOUND
- Source citation: Work cat.: (JO-AjAnu)12370: ودفين،روبرت ، جروفس،جودي ، إمام،إمام عبد الفتاح /ترجمة, author, أرسطو